Economic survey of the colonial territories 1951 (Record no. 421902)

000 -LEADER
fixed length control field 00457cam a22001217a 4500
008 - FIXED-LENGTH DATA ELEMENTS--GENERAL INFORMATION
fixed length control field 180718b1952 xxu||||| |||| 00| 0 eng d
082 ## - DEWEY DECIMAL CLASSIFICATION NUMBER
Classification number T19x42 Un3ec
245 ## - TITLE STATEMENT
Title Economic survey of the colonial territories 1951
Statement of responsibility, etc. by Colonial Office
260 ## - PUBLICATION, DISTRIBUTION, ETC.
Place of publication, distribution, etc. London
Name of publisher, distributor, etc. Her Majesty's Stationery Office
Date of publication, distribution, etc. 1952
300 ## - PHYSICAL DESCRIPTION
Extent 274p
500 ## - GENERAL NOTE
General note Library has v.1: Central African and high commissio territories, v.5: The far eastern territories
700 ## - ADDED ENTRY--PERSONAL NAME
Personal name U.K. Colonial Office
Holdings
Withdrawn status Lost status Damaged status Not for loan Permanent Location Current Location Date acquired Full call number Barcode Date last seen Price effective from Koha item type
        Indian Institute of Public Administration Indian Institute of Public Administration 2009-08-10 T19x42 Un3ec 809 2018-07-21 2018-07-21 Book
        Indian Institute of Public Administration Indian Institute of Public Administration 2009-08-10 T19x42 Un3ec 804 2018-07-21 2018-07-21 Book

Powered by Koha